Statistics for Bruce Springsteen's albums and EPs

Click here to take the quiz!

General Stats

  • This quiz has been taken 607 times
    (603 since last reset)
  • The average score is 14 of 28

Answer Stats

Answer% Correct
Born to Run
95%
Born in the U.S.A.
93%
The River
88%
Nebraska
85%
Darkness on the Edge of Town
80%
Tunnel of Love
77%
The Rising
73%
Wrecking Ball
68%
Greetings from Asbury Park, N.J.
65%
The Ghost of Tom Joad
64%
The Wild, the Innocent and the E Street Shuffle
64%
Magic
63%
Human Touch
60%
Lucky Town
59%
Working on a Dream
53%
Devils & Dust
50%
Tracks
38%
Live 1975-85
38%
The Promise: The Darkness on the Edge of Town Story
34%
We Shall Overcome: The Seeger Sessions
27%
Chimes of Freedom
26%
Live in New York City
25%
18 Tracks
23%
Live in Dublin
21%
Hammersmith Odeon, London ´75
6%
In Concert - MTV Plugged
6%
Born to Run: 30th Anniversary Edition
2%
Girls in their Summer Clothes
2%

Score Distribution

Percentile by Number Answered

Percent of People with Each Score

Your Score History

You have not taken this quiz since the last reset